Espejismos de los imperios (Record no. 688)

MARC details
000 -LEADER
campo de control de longitud fija 00691nam a22001817a 4500
008 - DATOS DE LONGITUD FIJA--INFORMACIÓN GENERAL
campo de control de longitud fija 150612b xxu||||| |||| 00| 0 eng d
020 ## - NÚMERO INTERNACIONAL ESTÁNDAR DEL LIBRO
Número Internacional Estándar del Libro 845321157
082 ## - NÚMERO DE LA CLASIFICACIÓN DECIMAL DEWEY
Número de clasificación 708
Número de ítem C 521e
100 ## - ENTRADA PRINCIPAL--NOMBRE DE PERSONA
Nombre de persona Cherkashin, Valery; Cherkashin,Natasha
9 (RLIN) 3096
245 ## - MENCIÓN DEL TÍTULO
Título Espejismos de los imperios
Mención de responsabilidad, etc. Cherkashin, Valery; Cherkashin,Natasha; Berezner, Evgeny (curador)
260 ## - PUBLICACIÓN, DISTRIBUCIÓN, ETC.
Lugar de publicación, distribución, etc. Madrid
Nombre del editor, distribuidor, etc. Caja Madrid
Fecha de publicación, distribución, etc. [2000]
300 ## - DESCRIPCIÓN FÍSICA
Extensión 46 p.
Otras características físicas ill. (col)
Dimensiones 27 cm
600 ## - PUNTO DE ACCESO ADICIONAL DE MATERIA--NOMBRE DE PERSONA
Nombre de persona Cherkashin, Valery
Numeración 1948 -
Subdivisión de forma Exhibiciones
9 (RLIN) 3269
600 ## - PUNTO DE ACCESO ADICIONAL DE MATERIA--NOMBRE DE PERSONA
Nombre de persona Cherkashin, Natasha
Numeración 1958 -
Subdivisión de forma Exhibiciones
9 (RLIN) 3270
650 ## - PUNTO DE ACCESO ADICIONAL DE MATERIA--TÉRMINO DE MATERIA
Subdivisión general Arte moderno
9 (RLIN) 145
700 ## - ENTRADA AGREGADA--NOMBRE PERSONAL
Nombre de persona Berezner, Evgeny [comisario]
9 (RLIN) 3097
700 ## - ENTRADA AGREGADA--NOMBRE PERSONAL
Nombre de persona Castellote, Alejandro [coordinador]
9 (RLIN) 3271
Holdings
Estatus retirado Estado de pérdida Fuente del sistema de clasificación o colocación Estado de daño No para préstamo Biblioteca de origen Biblioteca actual Ubicación en estantería Fecha de adquisición Total de préstamos Signatura topográfica completa Código de barras Visto por última vez Precio de reemplazo Tipo de ítem Koha
    Clasificación Decimal Dewey     Biblioteca LadoV Biblioteca LadoV   12/06/2015   708 C 521e 000638 12/06/2015 12/06/2015 Material 01